000 00516nmm a2200157Ia 4500
008 251105s9999||||xx |||||||||||||||||und||
020 _a9788490644539
041 _aspa
100 _aMorales i Moras, Joan
245 0 _aSerious games :
_b Diseño de videojuegos con una agenda educativa y social
264 _a[Madrid, España] :
_bUniversitat Oberta de Catalunya,
_c2015
300 _a140 páginas
650 _aTechnology and computing
856 _uhttps://public.digitaliapublishing.com/a/37967
942 _cCF
999 _c87715
_d87715